[Event "Open A"]
[Site "Bethune FRA"]
[Date "2005.12.27"]
[Round "3"]
[White "Astolfi,F"]
[Black "Peek,Mar"]
[Result "0-1"]
[WhiteElo "2221"]
[BlackElo "2373"]

1.d4 d5 2.c4 Nc6 3.Nc3 dxc4 4.Nf3 Nf6 5.e4 Bg4 6.Be3 e6 7.Bxc4 Bb4 8.Qd3 a6
9.Nd2 e5 10.d5 Ne7 11.a3 Bd6 12.f3 Bd7 13.O-O O-O 14.b4 Ng6 15.Bb3 h5 16.Nc4 h4
17.Rfc1 Nh5 18.Qd2 Ngf4 19.Ne2 Nxe2+ 20.Qxe2 Bb5 21.Qd2 Bxc4 22.Rxc4 Nf4
23.Bc5 Qg5 24.Rd1 a5 25.Bxd6 cxd6 26.b5 Rfc8 27.Rc2 Rxc2 28.Qxc2 Qd8 29.Qf2 Rc8
30.Qe3 Rc3  0-1

[Event "Open A"]
[Site "Bethune FRA"]
[Date "2005.12.28"]
[Round "5"]
[White "Hulin,J"]
[Black "Peek,Mar"]
[Result "0-1"]
[WhiteElo "2016"]
[BlackElo "2373"]

1.d4 d5 2.c4 Nc6 3.Nc3 dxc4 4.Nf3 Nf6 5.e4 Bg4 6.Be3 e6 7.Bxc4 Bb4 8.Qd3 Bxf3
9.gxf3 O-O 10.Rg1 e5 11.d5 Ne7 12.O-O-O Ng6 13.Ne2 Bd6 14.Bg5 h6 15.Be3 Nh5
16.Rg4 Qf6 17.f4 exf4 18.Bd4 Be5 19.Qh3 f3 20.Qxh5 fxe2 21.Bxe2 Bxd4  0-1

[Event "Keres Mem Rapid Women"]
[Site "Tallinn EST"]
[Date "2006.01.08"]
[Round "6"]
[White "Cmilyte,V"]
[Black "Fomina,T"]
[Result "1-0"]
[WhiteElo "2480"]
[BlackElo "2191"]

1.d4 d5 2.c4 Nc6 3.Nc3 e5 4.e3 exd4 5.exd4 Bb4 6.Nf3 Nf6 7.Be2 Be6 8.cxd5 Bxd5
9.O-O O-O 10.Bg5 Bxc3 11.bxc3 h6 12.Be3 Ne4 13.Qc2 f5 14.c4 Bf7 15.d5 Ne7
16.Nd4 Qd7 17.Bd3 Bg6 18.Ne6 Rf7 19.f3 Nd6 20.Rad1 b6 21.Bd4 Ne8 22.Rfe1 c6
23.Nf4 cxd5 24.Rxe7 Qxe7 25.Nxg6 Qd6 26.Ne5 Re7 27.f4 Nf6 28.Bxf5 Rd8 29.c5 Qc7
30.cxb6 Qxc2 31.Bxc2 axb6 32.Nc6 Rc7 33.Nxd8 Rxc2 34.a3 b5 35.Bxf6 gxf6 36.Rxd5 Rc3
37.Rxb5 Rxa3 38.Ne6 Kf7 39.f5 Ke7 40.Rd5 Ra2 41.h3  1-0

[Event "Open A"]
[Site "Prague CZE"]
[Date "2006.01.13"]
[Round "1"]
[White "Enoeckl,P"]
[Black "Porat,M"]
[Result "1/2-1/2"]
[WhiteElo "2175"]
[BlackElo "1978"]

1.d4 d5 2.c4 Nc6 3.Nf3 Bg4 4.cxd5 Bxf3 5.gxf3 Qxd5 6.e3 e5 7.Nc3 Qd7 8.Bg2 f5
9.f4 Nf6 10.Bd2 O-O-O 11.Qb3 Na5 12.Qc2 Nc4 13.Qb3 Na5 14.Qb5 Qxb5 15.Nxb5 Nc6
16.Rc1 Nd5 17.Ke2 a6 18.Nc3 Be7 19.Rhg1 Rhg8 20.Bh1 h6 21.h4 Bxh4 22.Nxd5 exd4
23.Rc5 Ne7 24.a4 Bf6 25.b4 b6 26.Rc2 Kb7 27.Bf3 g5 28.fxg5 hxg5 29.Rh1 Rh8
30.Rcc1 Rxh1 31.Rxh1 Rh8 32.Rxh8 Bxh8 33.Bg2 Kc6 34.Kd3 b5 35.a5 Nc8 36.Bh3 Nd6
37.Be1 Kd7 38.f3 Ke6 39.Bg3 Ne8 40.e4  1/2-1/2

[Event "Open"]
[Site "Zagreb CRO"]
[Date "2006.01.17"]
[Round "4"]
[White "Jovanic,O"]
[Black "Cosic,R"]
[Result "1-0"]
[WhiteElo "2469"]
[BlackElo "2190"]

1.d4 d5 2.c4 Nc6 3.Nf3 e6 4.Nc3 Bb4 5.e3 Nf6 6.Bd2 Bxc3 7.Bxc3 Ne4 8.Rc1 O-O
9.Bd3 f5 10.Qb3 Rf6 11.g3 Rh6 12.Bf1 g5 13.Bg2 Ne7 14.h4 c6 15.Nxg5 Rg6 16.Nh3 dxc4
17.Qxc4 Nd5 18.Nf4 Rg7 19.Qd3 Ndf6 20.Bf3 Qe7 21.Nh5 Nxh5 22.Bxh5 Qd6 23.Bf3 Nf6
24.Qc4 Nd5 25.Qc5 Qd8 26.Bd2 a5 27.h5 h6 28.a3 Kh7 29.e4 Nf6 30.Qe5 Bd7 31.Qf4 Ng8
32.Rc5 Qb6 33.Bc3 Re7 34.O-O Rae8 35.Re1 Qd8 36.Rxa5 b5 37.Ra7 e5 38.dxe5 Rf8
39.Bb4  1-0

[Event "Classic"]
[Site "Queenstown NZL"]
[Date "2006.01.20"]
[Round "6"]
[White "Siegmund,R"]
[Black "Davis,T2"]
[Result "1-0"]
[WhiteElo "2169"]
[BlackElo "1988"]

1.d4 d5 2.c4 Nc6 3.cxd5 Qxd5 4.e3 e5 5.Nc3 Bb4 6.Bd2 Bxc3 7.bxc3 Qd6 8.Bd3 Nf6
9.Ne2 O-O 10.O-O h5 11.Ng3 Bg4 12.f3 Be6 13.Ne4 Qe7 14.Nc5 Rab8 15.Qe2 Rfe8
16.Be1 Nd5 17.Nxe6 Qxe6 18.c4 Nxe3 19.Qxe3 Nxd4 20.Qe4 g6 21.Bf2 Red8 22.Rfe1 Nc6
23.c5 Kg7 24.Bc4 Qf6 25.Rad1 Rxd1 26.Rxd1 Rd8 27.Rxd8 Qxd8 28.Qd5 Qf6 29.h3 Qf4
30.g3 Qf5 31.Kg2 Na5 32.Bd3 Qf6 33.f4 Qe6 34.Qe4 Nc6 35.fxe5 Nxe5 36.Bd4 f6
37.Bxe5 Qxe5 38.Qxe5 fxe5 39.Kf3 c6 40.Ke4 Kf6 41.h4 b5 42.Bf1 a5 43.Bh3 b4
44.Bg2 a4 45.Kd3 b3 46.axb3 e4+ 47.Bxe4 a3 48.Kc2 Ke5 49.Bxc6 Kd4 50.Be8  1-0

[Event "Gibtelecom Masters"]
[Site "Gibraltar ENG"]
[Date "2006.01.31"]
[Round "8"]
[White "Cmilyte,V"]
[Black "Peek,Mar"]
[Result "1-0"]
[WhiteElo "2475"]
[BlackElo "2375"]

1.d4 d5 2.c4 Nc6 3.Nc3 dxc4 4.d5 Ne5 5.f4 Nd7 6.e4 Nb6 7.a4 a5 8.Be3 e6 9.Bxb6 cxb6
10.Bxc4 Bb4 11.dxe6 Bxe6 12.Bxe6 fxe6 13.Qh5+ g6 14.Qe5 Qf6 15.Qb5+ Kf7 16.Ne2 Qe7
17.O-O-O Qc5 18.Rd7+ Ne7 19.Qxc5 Bxc5 20.Rhd1 Rab8 21.e5 Ke8 22.Rc7 Rd8 23.Rxb7 Kf7
24.Rdd7 Rxd7 25.Rxd7 Rc8 26.Ne4 h6 27.Kb1 Kf8 28.N2c3 Be3 29.g3 Bc5 30.Nf6 Bg1
31.Nce4 Bxh2 32.Nd6  1-0

[Event "ch-Kyiv"]
[Site "Kyiv UKR"]
[Date "2006.01.31"]
[Round "9"]
[White "Melnichuk,M"]
[Black "Panchenko,AG"]
[Result "1/2-1/2"]
[WhiteElo "2118"]
[BlackElo "2393"]

1.d4 d5 2.c4 Nc6 3.Nc3 dxc4 4.d5 Ne5 5.Qd4 Ng6 6.e4 e5 7.Qxc4 a6 8.Nf3 Bd6
9.Be2 Nf6 10.a4 Bd7 11.a5 c6 12.O-O cxd5 13.Nxd5 Nxd5 14.Qxd5 Bc6 15.Qb3 O-O
16.Bc4 h6 17.Bd5 Bxd5 18.Qxd5 Qc7 19.Be3 Ne7 20.Qb3 Nc6 21.Bb6 Qe7 22.Rfd1 Bc7
23.h3 Rfd8 24.Rd5 Bxb6 25.Qxb6 Rd7 26.Rad1  1/2-1/2

[Event "TCh-NED 2005-6"]
[Site "Netherlands NED"]
[Date "2006.02.04"]
[Round "6"]
[White "Richter,Ch"]
[Black "Veltkamp,G"]
[Result "1-0"]
[WhiteElo "2431"]
[BlackElo "2167"]

1.d4 d5 2.c4 Nc6 3.Nf3 Bg4 4.Nc3 Bxf3 5.gxf3 e6 6.cxd5 exd5 7.Bf4 Nge7 8.e3 g6
9.h4 h5 10.Bh3 a6 11.Qc2 Bg7 12.Bg3 O-O 13.Ne2 a5 14.Nf4 Qd6 15.Nd3 Qf6 16.Qd1 Nf5
17.Bxf5 Qxf5 18.Kf1 Nb4 19.Nxb4 axb4 20.Kg2 Rfc8 21.Qb3 Bf8 22.Rhc1 c6 23.Re1 Re8
24.Be5 Re6 25.a3 Ra5 26.axb4 Rb5 27.Ra8 f6 28.e4 dxe4 29.fxe4 Qg4+ 30.Bg3  1-0

[Event "Masters"]
[Site "Bunratty IRL"]
[Date "2006.02.17"]
[Round "1"]
[White "Mendelson,A"]
[Black "McPhillips,K"]
[Result "1-0"]
[WhiteElo "2108"]
[BlackElo "2210"]

1.d4 d5 2.c4 Nc6 3.Nf3 Bg4 4.cxd5 Bxf3 5.gxf3 Qxd5 6.e3 e5 7.Nc3 Bb4 8.Bd2 Bxc3
9.bxc3 Qd6 10.f4 exf4 11.e4 Nge7 12.Qf3 Qa3 13.Qxf4 O-O 14.Bc4 Ng6 15.Qe3 Na5
16.Bd3 f5 17.e5 Rae8 18.f4 Kh8 19.O-O c5 20.d5 c4 21.Be2 Rd8 22.d6 Rfe8 23.Qf2 Nf8
24.Qxa7 Nd7 25.Qf2 Nc5 26.Bc1 Qxc3 27.Qxc5 Qxa1 28.Qxa5 Qd4+ 29.Kh1 Qe4+
30.Bf3 Qd3 31.Bg2 Ra8 32.Qc7 Rxa2 33.Qxb7 Rea8 34.Qd5 R8a7 35.Qxd3 cxd3 36.e6 d2
37.e7  1-0

[Event "Masters"]
[Site "Bunratty IRL"]
[Date "2006.02.18"]
[Round "3"]
[White "Galligan,B"]
[Black "Cafolla,P"]
[Result "1-0"]
[WhiteElo "2035"]
[BlackElo "2080"]

1.d4 d5 2.c4 Nc6 3.Nf3 Bg4 4.Ne5 Nxe5 5.dxe5 d4 6.Qb3 b6 7.g3 Bd7 8.Bg2 Rb8
9.O-O e6 10.Rd1 Bc5 11.e3 dxe3 12.Bxe3 Qe7 13.Rxd7 Kxd7 14.Qb5+ Kd8 15.Nc3 Bd6
16.exd6 cxd6 17.Rd1 Nf6 18.Bf4 e5 19.Qxe5 Qxe5 20.Bxe5 Ne8 21.Nb5 Rc8 22.b3 Ke7
23.Nxd6 Nxd6 24.Bxd6+ Ke6 25.Bb4 Rhd8 26.Re1+  1-0

[Event "13th Open Metalis"]
[Site "Bizovac CRO"]
[Date "2006.02.25"]
[Round "5"]
[White "Sutkovic,D"]
[Black "Juranic,B"]
[Result "1-0"]
[WhiteElo "2295"]
[BlackElo "2039"]

1.d4 d5 2.c4 Nc6 3.Nc3 e5 4.dxe5 d4 5.Nd5 Be6 6.e4 dxe3 7.Bxe3 Bxd5 8.cxd5 Nxe5
9.Qa4+ Nd7 10.Nf3 Nf6 11.O-O-O Bd6 12.g4 O-O 13.g5 Nb6 14.Qb3 Nh5 15.Bd3 Nf4
16.Bc2 a5 17.h4 a4 18.Qb5 a3 19.b3 Qe8 20.Qxe8 Rfxe8 21.Bxb6 Ne2+ 22.Kd2 Bb4+
23.Kd3 cxb6 24.Kc4 Bd6 25.Bf5 g6 26.Bh3 Ra5 27.b4 Re4+ 28.Nd4 Ra4 29.Kd3 Rxd4+
30.Kxe2 Rdxb4 31.Bg2 Rb2+ 32.Rd2 Bf4 33.Rxb2 axb2 34.Rb1 Rxa2 35.Kd3 Kf8
36.Kc2 Ke7 37.Kb3 Ra5 38.Re1+ Kd6 39.Kxb2 Be5+ 40.Kb3 Rc5 41.Re3 Rc1 42.Be4 Rf1
43.Rf3 Ke7 44.h5 Bd4 45.Kc4 Bc5 46.d6+ Bxd6 47.Bd5 Rc1+ 48.Kb3  1-0

[Event "2nd ch-SCG"]
[Site "Pancevo SCG"]
[Date "2006.03.03"]
[Round "5"]
[White "Damljanovic,B"]
[Black "Miladinovic,I"]
[Result "1/2-1/2"]
[WhiteElo "2615"]
[BlackElo "2607"]

1.d4 d5 2.c4 Nc6 3.Nc3 Nf6 4.Nf3 dxc4 5.e4 Bg4 6.Be3 e6 7.Bxc4 Bb4 8.Qd3 O-O
9.Nd2 e5 10.d5 Ne7 11.a3 Bd6 12.Nb5 Ng6 13.f3 Bd7 14.Nxd6 cxd6 15.Qb3 b5
16.Bf1 Ne8 17.g3 h5 18.Bd3 h4 19.O-O-O b4 20.axb4 Rb8 21.Qa3 Nc7 22.Kb1 Nb5
23.Qa6 Bc8 24.Qa4 Bd7 25.Qa6 Bc8 26.Qa4 Bd7  1/2-1/2

[Event "TCh-NED 2005-6"]
[Site "Netherlands NED"]
[Date "2006.03.04"]
[Round "7"]
[White "Ligterink,G"]
[Black "Veltkamp,G"]
[Result "1-0"]
[WhiteElo "2418"]
[BlackElo "2167"]

1.d4 d5 2.c4 Nc6 3.Nc3 dxc4 4.Nf3 Nf6 5.e4 Bg4 6.Be3 e6 7.Bxc4 Bb4 8.Qc2 Qe7
9.O-O-O Bxc3 10.bxc3 Qa3+ 11.Kd2 Nxe4+ 12.Qxe4 Bf5 13.Qh4 Qb2+ 14.Ke1 Qxc3+
15.Nd2 O-O 16.Ke2 e5 17.dxe5 Bc2 18.Nf3 Nxe5 19.Nxe5 Bxd1+ 20.Rxd1 Qxe5 21.Rd7 b5
22.Bd3 h6 23.Qe4 Qb2+ 24.Kf3 g6 25.Bxh6 Rad8 26.Rxd8 Rxd8 27.Bg5 Rd6 28.Qe8+ Kg7
29.Qe3 Re6 30.Qd2 Qe5 31.Be3 Rd6 32.Qc2 c6 33.Ke2 Qh5+ 34.Kd2 Qxh2 35.Qc5 Re6
36.g3 Qh1 37.Bd4+ Kg8 38.Qxa7 Qe1+ 39.Kc2 Re8 40.Qc5 Ra8 41.Qxc6 Qa5 42.Bxb5 Rd8
43.Bc4 Qf5+ 44.Kc3 Qa5+ 45.Kd3 Qf5+ 46.Qe4 Qxf2 47.Qxg6+ Kf8 48.Qh6+ Kg8
49.Qh8+  1-0

[Event "FSIMA March"]
[Site "Budapest HUN"]
[Date "2006.03.06"]
[Round "3"]
[White "Petran,Pa"]
[Black "Brustkern,J"]
[Result "1/2-1/2"]
[WhiteElo "2426"]
[BlackElo "2240"]

1.d4 d5 2.c4 Nc6 3.Nf3 Bg4 4.Nc3 e6 5.cxd5 exd5 6.Bf4 Bd6 7.Nxd5 Bxf4 8.Nxf4 Bxf3
9.gxf3 Qxd4 10.Qxd4 Nxd4 11.O-O-O Rd8 12.e3 Ne6 13.Bb5+ c6 14.Nxe6 Rxd1+
15.Rxd1 fxe6 16.Bc4 Ke7 17.Rg1 g6 18.Rg5 Nf6 19.Re5 Nd5 20.f4 Kf6 21.Kd2 h6
22.h4 Rd8 23.Ke2 Rd6 24.a3 b6 25.Bd3 c5  1/2-1/2

[Event "2nd ch-SCG"]
[Site "Pancevo SCG"]
[Date "2006.03.09"]
[Round "10"]
[White "Abramovic,B"]
[Black "Miladinovic,I"]
[Result "1/2-1/2"]
[WhiteElo "2507"]
[BlackElo "2607"]

1.d4 d5 2.c4 Nc6 3.cxd5 Qxd5 4.e3 e5 5.Nc3 Bb4 6.Bd2 Bxc3 7.Bxc3 exd4 8.Ne2 Nf6
9.Nxd4 O-O 10.Qb3 Nxd4 11.Bxd4 Qg5 12.Bxf6 Qxf6 13.Bc4 b6 14.O-O Bb7 15.Rfd1 Rad8
16.Rxd8 Rxd8 17.Rd1 Rxd1+ 18.Qxd1 Qg5 19.Bf1 Qe7 20.a3 a5 21.Qd2 g6 22.f3 Qe5
23.Bc4 Bc6 24.Qd4 Qxd4 25.exd4 g5 26.Kf2 Kf8 27.g3 f6 28.Ke3 Ke7 29.f4 h6
30.fxg5 fxg5 31.h4 Kf6 32.hxg5+ hxg5 33.Bb3 Kf5 34.Bc4 Bb7 35.Bb3 Bc6 36.Bc4  1/2-1/2

[Event "XXII Open"]
[Site "Reykjavik ISL"]
[Date "2006.03.09"]
[Round "4"]
[White "Johansson,V"]
[Black "Asbjornsson,I"]
[Result "1-0"]
[WhiteElo "2222"]
[BlackElo "1996"]

1.d4 d5 2.c4 Nc6 3.Nf3 Bg4 4.e3 e5 5.cxd5 Qxd5 6.Nc3 Bb4 7.Be2 O-O-O 8.O-O Bxc3
9.bxc3 e4 10.Nd2 Bxe2 11.Qxe2 f5 12.Rb1 Nh6 13.c4 Nxd4 14.exd4 Qxd4 15.Nb3 Qd6
16.c5 Qd3 17.Qxd3 Rxd3 18.Bxh6 gxh6 19.Rfd1 Rhd8 20.Rxd3 Rxd3 21.Kf1 Kd7
22.Ke2 Ke6 23.f3 Rc3 24.Rb2 Ke5 25.fxe4 fxe4 26.Nd2 Rxc5 27.Rxb7 a5 28.Rb2 h5
29.Nb3 Rb5 30.Rc2 Kd5 31.Rxc7 a4 32.Rd7+ Ke5 33.Rxh7 Kf4 34.Nd2 Rb2 35.Rxh5 e3
36.g3+ Kg4 37.Rh4+  1-0

[Event "XXII Open"]
[Site "Reykjavik ISL"]
[Date "2006.03.09"]
[Round "4"]
[White "Schwartz,Y"]
[Black "Scheeff,V"]
[Result "1/2-1/2"]
[WhiteElo "2250"]
[BlackElo "2142"]

1.d4 d5 2.c4 Nc6 3.Nc3 dxc4 4.d5 Ne5 5.Bf4 Ng6 6.Bg3 e5 7.h4 h5 8.Nf3 Bd6
9.e4 Nf6 10.Bxc4 a6 11.Ng5 b5 12.Bf1 Bd7 13.Rc1 Ng4 14.Qd2 Qe7 15.f3 Nf6
16.Bf2 O-O 17.g3 Rac8 18.Bh3 Bxh3 19.Nxh3 c6 20.O-O b4 21.Na4 cxd5 22.Rxc8 Rxc8
23.Nb6 Rc7 24.Nxd5 Nxd5 25.Qxd5 Bc5 26.Qa8+ Nf8 27.Qxa6 Qd7 28.Kg2 Bd4 29.Bxd4 Qxd4
30.Qe2 Ne6 31.Ng5 Qd7 32.Nxe6 Qxe6 33.Qb5 Kh7 34.Qxb4 Qxa2 35.Rf2 Rc1 36.Qb6 Qb1
37.Rd2 Rh1 38.Qf2 Rc1 39.Re2 Qd3 40.Rd2 Qb1 41.Qe2 Rh1 42.f4 Qg1+ 43.Kf3 exf4
44.Kxf4 g6 45.Qf2 Qc1 46.Ke5 Rf1 47.Qd4 Qc6 48.Qd6  1/2-1/2

[Event "FSIMA March"]
[Site "Budapest HUN"]
[Date "2006.03.12"]
[Round "9"]
[White "Adams,N"]
[Black "Brustkern,J"]
[Result "1-0"]
[WhiteElo "2212"]
[BlackElo "2240"]

1.d4 d5 2.c4 Nc6 3.e3 e5 4.dxe5 d4 5.a3 a5 6.Nf3 Bc5 7.exd4 Bxd4 8.Be2 Be6
9.O-O Nge7 10.Nc3 Bxc3 11.bxc3 Qxd1 12.Rxd1 O-O 13.Rb1 b6 14.c5 Nd5 15.Bd2 bxc5
16.Rb5 c4 17.Rc5 Nde7 18.Bxc4 Bxc4 19.Rxc4 Rfd8 20.Rb1 Rd5 21.g3 h6 22.Rb7 Rc8
23.Be3 Nxe5 24.Nxe5 Rxe5 25.Rcxc7 Rxc7 26.Rxc7 a4 27.Ra7 Re4 28.Bd4 g5 29.Rxa4 f5
30.Ra6  1-0

[Event "Open"]
[Site "Bad Woerishofen GER"]
[Date "2006.03.17"]
[Round "1"]
[White "Reinke,K"]
[Black "Pirrot,D"]
[Result "1/2-1/2"]
[WhiteElo "2042"]
[BlackElo "2408"]

1.d4 d5 2.c4 Nc6 3.Nf3 Bg4 4.e3 e5 5.dxe5 dxc4 6.Qa4 Bxf3 7.gxf3 a6 8.Qxc4 Nxe5
9.Qe4 Bd6 10.f4 Nf6 11.Qxb7 Rb8 12.Qg2 Bb4+ 13.Nc3 Bxc3+ 14.bxc3 Nd3+ 15.Bxd3 Qxd3
16.Qc6+ Nd7 17.Ba3 f5 18.Rd1 Rb1 19.Bc1 Qb5 20.Qxc7 O-O 21.Qxd7 Qxd7 22.Rxd7 Rxc1+
23.Rd1 Rxc3 24.Ke2 Ra3 25.Rd2  1/2-1/2

[Event "Open"]
[Site "Bad Woerishofen GER"]
[Date "2006.03.17"]
[Round "1"]
[White "Wilhelm,A"]
[Black "Zaragatski,I"]
[Result "0-1"]
[WhiteElo "2040"]
[BlackElo "2400"]

1.d4 d5 2.c4 Nc6 3.e3 e5 4.dxe5 d4 5.a3 dxe3 6.Qxd8+ Kxd8 7.Bxe3 Nxe5 8.f4 Ng4
9.Bd2 Bc5 10.Nh3 N8f6 11.Nc3 Re8+ 12.Be2 Ne3 13.Bxe3 Bxe3 14.Rd1+ Ke7 15.Rd3 Kf8
16.Nd1 Bb6 17.Nhf2 Bf5 18.Rb3 Rad8 19.Rb5 Bd7 20.Re5 Bd4 21.Rxe8+ Rxe8 22.Kd2 Bc6
23.Bf3 Bxf3 24.gxf3 Rd8 25.Kc2 Bxf2 26.Nxf2 Rd4 27.Nd3 Rxc4+ 28.Kd2 Nd5 29.Rc1 Rxc1
30.Kxc1 Ke7 31.Kd2 Kf6 32.Nc5 b6 33.Nd7+ Kf5  0-1

[Event "Open"]
[Site "Bad Woerishofen GER"]
[Date "2006.03.19"]
[Round "3"]
[White "Gohla,U"]
[Black "Zaragatski,I"]
[Result "0-1"]
[WhiteElo "2199"]
[BlackElo "2400"]

1.d4 d5 2.c4 Nc6 3.cxd5 Qxd5 4.e3 e5 5.Nc3 Qd8 6.d5 Nb8 7.e4 Nd7 8.Bd3 a6
9.Nge2 Bd6 10.Ng3 Ne7 11.Bc2 O-O 12.Bg5 f6 13.Bd2 Kh8 14.Qh5 b5 15.O-O b4
16.Nd1 f5 17.exf5 Nf6 18.Qh4 Nexd5 19.Ne3 Nf4 20.Rad1 Qe8 21.f3 Be7 22.Ng4 Ne4
23.f6 Bxf6 24.Qxh7+ Kxh7 25.Bxe4+ g6 26.Bxa8 Be6  0-1

[Event "Open"]
[Site "Bad Woerishofen GER"]
[Date "2006.03.19"]
[Round "3"]
[White "Lupor,A"]
[Black "Spanton,T"]
[Result "1-0"]
[WhiteElo "2284"]
[BlackElo "2004"]

1.d4 d5 2.c4 Nc6 3.cxd5 Qxd5 4.e3 e5 5.Nc3 Bb4 6.Bd2 Bxc3 7.Bxc3 exd4 8.Ne2 Nf6
9.Nxd4 O-O 10.Nb5 Qg5 11.Nxc7 Rd8 12.Qa4 Rb8 13.Nb5 Nd5 14.h4 Qh6 15.Be2 Nxe3
16.fxe3 Qxe3 17.Rf1 a6 18.Qf4 Qxf4 19.Rxf4 axb5 20.Bxb5 Be6 21.Kf2 Ne7 22.Be1 Rbc8
23.Ba4 b5 24.Bxb5 Rc2+ 25.Kg1 Rxb2 26.a4 Ra8 27.Rb4 Rxb4 28.Bxb4 Nd5 29.Bd2 Kf8
30.Rc1 Ke7 31.a5 Bd7 32.Bd3 Kd6 33.Kf2 Nf6 34.Bb4+ Ke5 35.Bc3+ Kd6 36.Bxf6 gxf6
37.a6 h6 38.Ke3 Ra7 39.Kd4 Bc6 40.Rxc6+ Kxc6 41.Be4+ Kd6 42.Bb7 f5 43.h5 f6
44.Kc4 f4 45.Kd4 f5 46.Kc4 f3 47.gxf3 Ke5 48.Kc5 Kf4 49.Kb6 Rxa6+ 50.Kxa6 Kg5
51.Kb5 Kxh5 52.Kc4 Kh4 53.Kd4 Kg3 54.Ke5 f4 55.Ke4 h5 56.Bc8 Kh4 57.Be6 Kg3
58.Bf7  1-0

[Event "TCh-HUN 2005-6"]
[Site "Hungary HUN"]
[Date "2006.03.19"]
[Round "9"]
[White "Sinkovics,P"]
[Black "Gara,A"]
[Result "1-0"]
[WhiteElo "2322"]
[BlackElo "2367"]

1.d4 d5 2.c4 Nc6 3.Nc3 dxc4 4.d5 Ne5 5.Qd4 Ng6 6.e4 e5 7.Qxc4 a6 8.a4 Nf6
9.Nf3 Bd6 10.Be2 O-O 11.a5 h6 12.O-O Nh5 13.g3 Bh3 14.Re1 Qc8 15.Kh1 Bg4
16.Be3 f5 17.exf5 Qxf5 18.Nd2 Bxe2 19.Qxe2 Qh3 20.Ra4 e4 21.Ncxe4 Rae8 22.Nxd6 cxd6
23.Qg4 Qxg4 24.Rxg4 Kh7 25.Rb4 Re7 26.Rb6 Rc8 27.Rxd6 Rc2 28.Re6 Rd7 29.d6 Nf6
30.Nf3 Ng4 31.Kg2 Rxb2 32.Bd4 Rb5 33.h3 Nf6 34.Bxf6 gxf6 35.Re7+ Rxe7 36.Rxe7+ Kg8
37.Re8+ Kf7 38.d7  1-0

[Event "ch-ARG s/f"]
[Site "Buenos Aires ARG"]
[Date "2006.03.21"]
[Round "1"]
[White "Lopez,Di"]
[Black "Moreda,L"]
[Result "1-0"]
[WhiteElo "2120"]
[BlackElo "2329"]

1.d4 d5 2.c4 Nc6 3.Nf3 e5 4.dxe5 d4 5.g3 Nge7 6.Bg2 Ng6 7.Bg5 Qd7 8.O-O Ngxe5
9.Qa4 f6 10.Bc1 Be7 11.Rd1 O-O 12.Nc3 Qf5 13.Nxd4 Nxd4 14.Rxd4 c6 15.Ne4 Be6
16.c5 Qh5 17.Qc2 Kh8 18.f3 Bf5 19.Be3 Qf7 20.b3 Bg6 21.Qc3 Qe6 22.Rad1 b6
23.h3 bxc5 24.Nxc5 Bxc5 25.Qxc5 Nxf3+ 26.Bxf3 Qxe3+ 27.Kg2 Rfe8 28.Qc1 Qe5
29.Qf4 Qb5 30.R1d2 h6 31.Rd6 Rac8 32.Rxf6 Bh7 33.Rf7 Bg8 34.Rxg7 Kxg7 35.Rd7+ Kg6
36.Be4+ Rxe4 37.Qxe4+ Kf6 38.Qe7+ Kf5 39.e4+  1-0

[Event "Open"]
[Site "Bad Woerishofen GER"]
[Date "2006.03.23"]
[Round "7"]
[White "Lupor,A"]
[Black "Zaragatski,I"]
[Result "0-1"]
[WhiteElo "2284"]
[BlackElo "2400"]

1.d4 d5 2.c4 Nc6 3.Nc3 Nf6 4.Nf3 dxc4 5.e4 Bg4 6.Be3 e6 7.Bxc4 Bb4 8.Qc2 O-O
9.Rd1 Bxf3 10.gxf3 Nh5 11.a3 Ba5 12.b4 Bb6 13.d5 Ne5 14.dxe6 Qh4 15.e7 Bxe3
16.exf8=Q+ Rxf8 17.Ba2 Nxf3+ 18.Kf1 Qh3+ 19.Ke2 Nd4+ 20.Rxd4 Nf4+ 21.Ke1 Bxd4
22.Nd1 Qg2 23.Rf1 Re8 24.Bc4 Rxe4+ 25.Kd2 Qf3 26.Re1 Rxe1 27.Kxe1 Ng2+ 28.Kf1 Nf4
29.Ke1 g6 30.a4 Ng2+ 31.Kf1 Nf4 32.Ke1 h5 33.Bf1 c6 34.b5 c5 35.a5 b6 36.axb6 axb6
37.Qa2 Nd3+ 38.Bxd3 Qxd3 39.Qa6 c4 40.Qc8+ Kg7 41.Qc6 c3  0-1

[Event "ch-ARG s/f"]
[Site "Buenos Aires ARG"]
[Date "2006.03.26"]
[Round "7"]
[White "Alza,A"]
[Black "Barrionuevo,P"]
[Result "0-1"]
[WhiteElo "2084"]
[BlackElo "2232"]

1.d4 d5 2.c4 Nc6 3.Nf3 Bg4 4.e3 e6 5.Nc3 Nf6 6.cxd5 exd5 7.Be2 Bd6 8.O-O O-O
9.a3 a6 10.b4 Re8 11.h3 Bh5 12.Ne5 Bxe2 13.Nxc6 Qd7 14.Qxe2 Qxc6 15.Bd2 Ne4
16.Nxe4 Rxe4 17.b5 Qxb5 18.Qxb5 axb5 19.Bb4 Re6 20.Rfc1 c6 21.Bxd6 Rxd6 22.Rcb1 Ra7
23.Rb3 Rd8 24.Rc1 Rda8 25.Rcc3 Ra4 26.Kf1 Kf8 27.Ke2 Ke7 28.Kd3 Kd6 29.f3 Rc4
30.Kc2 Raa4 31.Kb2 b6 32.Kc2 Kc7 33.Kb2 Kb8 34.Kc2 Kb7 35.Kb2 Rxc3 36.Kxc3 Rc4+
37.Kd2 Ka6 38.Rd3 Ra4 39.e4 b4 40.axb4 Ra2+ 41.Ke3 Rxg2 42.exd5 cxd5 43.Kf4 Kb5
44.Ke5 Rg5+ 45.Kd6 Kxb4 46.f4 Rf5 47.Rg3 g6 48.Kc6 Kc4  0-1

[Event "22nd Spring Festival Open"]
[Site "Budapest HUN"]
[Date "2006.03.30"]
[Round "8"]
[White "Koczo,K"]
[Black "Bulthaupt,F"]
[Result "1/2-1/2"]
[WhiteElo "2104"]
[BlackElo "2175"]

1.d4 d5 2.c4 Nc6 3.Nc3 dxc4 4.d5 Ne5 5.f4 Ng4 6.h3 N4f6 7.e4 e6 8.Bxc4 exd5
9.exd5 Bd6 10.Nf3 Ne7 11.O-O O-O 12.Ne5 c6 13.dxc6 Nxc6 14.Nxc6 bxc6 15.Be3 Qe7
16.Qf3 Be6 17.Bxe6 Qxe6 18.Rfe1 Qc4 19.Rad1 Bc5 20.Bxc5 Qxc5+ 21.Qf2 Qb6
22.Rd6 Rfc8 23.Re3 Kf8 24.Kh2 Rd8 25.Qd2 Kg8 26.Red3 Rxd6 27.Rxd6 Re8 28.Na4 Qc7
29.Nc5 h6 30.Rd4 Nd5 31.Kh1 Qe7 32.Re4 Qd8 33.Rxe8+ Qxe8 34.Kg1 Qe7  1/2-1/2

[Event "TCh-FRA Top 16 Gp B"]
[Site "Gonfreville FRA"]
[Date "2006.04.02"]
[Round "7"]
[White "Marzolo,C"]
[Black "Miladinovic,I"]
[Result "1/2-1/2"]
[WhiteElo "2393"]
[BlackElo "2607"]

1.d4 d5 2.c4 Nc6 3.Nf3 Bg4 4.cxd5 Bxf3 5.gxf3 Qxd5 6.e3 e5 7.Nc3 Bb4 8.Bd2 Bxc3
9.bxc3 Qd6 10.Rb1 O-O-O 11.Qb3 b6 12.Qxf7 Nh6 13.Qc4 Rhf8 14.Bd3 Rxf3 15.Be4 Rf6
16.d5 Nb8 17.Rf1 Rdf8 18.f3 Nf5 19.Ke2 Qd7 20.Bxf5 Rxf5 21.Rbd1 Kb7 22.e4 Rh5
23.Rf2 c6 24.Qb4 Rc8 25.c4 cxd5 26.cxd5 Na6 27.Qb2 Nc5 28.Rc1 g5 29.Be3 Na4
30.Qb4 a5 31.Qb3 Rxc1 32.Bxc1 Nc5 33.Qc4 g4 34.Ba3 gxf3+ 35.Ke3 Qa4 36.Qxa4 Nxa4
37.Rxf3 Rxh2 38.Rf7+ Ka6 39.d6 Rh3+ 40.Kd2 Nc3 41.d7 Nxe4+ 42.Ke2 Nc3+ 43.Kd2 Ne4+
44.Ke2 Nc3+  1/2-1/2

[Event "Mephisto Schloss Open A"]
[Site "Werther GER"]
[Date "2006.04.06"]
[Round "1"]
[White "Vanderhallen,N"]
[Black "Karpatchev,A"]
[Result "0-1"]
[WhiteElo "2182"]
[BlackElo "2530"]

1.d4 d5 2.c4 Nc6 3.cxd5 Qxd5 4.e3 e5 5.Nc3 Bb4 6.Bd2 Bxc3 7.bxc3 Nf6 8.f3 O-O
9.e4 Qd6 10.d5 Ne7 11.c4 Nd7 12.Ne2 f5 13.Nc3 a6 14.Bd3 Nc5 15.Be3 fxe4 16.Nxe4 Nxd3+
17.Qxd3 Qg6 18.O-O Bh3 19.Qd2 Nf5 20.Rf2 Nh4 21.Ng5 Bd7 22.g3 Nf5 23.Re1 h6
24.Ne4 Nh4 25.Nc5 Bh3 26.Qe2 b6 27.Nb3 e4 28.Nd2 exf3 29.Nxf3 Rxf3 30.Rxf3 Bg4
31.Ref1 Nxf3+ 32.Rxf3 Qe4  0-1

[Event "Open NOR-ch"]
[Site "Oslo NOR"]
[Date "2006.04.08"]
[Round "1"]
[White "Svenske,J"]
[Black "Vea,O"]
[Result "0-1"]
[WhiteElo "1752"]
[BlackElo "2143"]

1.d4 d5 2.c4 Nc6 3.Nf3 Bg4 4.e3 e6 5.a3 Nf6 6.Nc3 Bd6 7.Be2 O-O 8.O-O Ne4
9.cxd5 exd5 10.Qb3 Na5 11.Qc2 Re8 12.h3 Bf5 13.Bd3 c6 14.Ne2 b5 15.Rd1 Qf6
16.Ne1 Nxf2 17.Bxf5 Nxd1 18.Bxh7+ Kh8 19.Nf3 Nxe3 20.Qc3 Nxg2 21.Bg5 Qe6
22.Bd3 Qxh3 23.Ne5 Bxe5 24.dxe5 Ne3 25.Bxe3 Qxe3+ 26.Kg2 Rxe5 27.Rh1+ Kg8
28.Rh3 Rg5+ 29.Ng3 Re8 30.Bh7+ Kf8 31.Qxa5 Qe2+ 32.Kg1 Qd1+ 33.Kf2 Qd4+ 34.Kg2 Re2+  0-1

[Event "TCh-HUN 2005-6"]
[Site "Hungary HUN"]
[Date "2006.04.09"]
[Round "10"]
[White "Pataki,G"]
[Black "Bors,T"]
[Result "1-0"]
[WhiteElo "2375"]
[BlackElo "2291"]

1.d4 d5 2.c4 Nc6 3.Nc3 dxc4 4.Nf3 e6 5.e4 Nf6 6.Bxc4 a6 7.O-O Be7 8.Bf4 O-O
9.Rc1 b5 10.Bb3 Na5 11.Bc2 Bb7 12.Qe2 c5 13.dxc5 Nh5 14.Be3 Nc4 15.b3 Nxe3
16.Qxe3 b4 17.Na4 Rc8 18.e5 Bxf3 19.Qxf3 g6 20.Be4 a5 21.g3 Qd4 22.Rfd1 Qxe5
23.Nb6 Rxc5 24.Nd7 Qg5 25.Nxc5 Bxc5 26.Bc6 Bb6 27.Rc4 Ng7 28.Qf4 Qh5 29.Bf3 Qb5
30.Qd6 Nf5 31.Qc6 Qa6 32.Rd7 Rb8 33.Kg2 h5 34.h4 a4 35.Qxa4 Qxa4 36.bxa4 Ba5
37.Be4 b3 38.axb3 Rxb3 39.Bxf5 gxf5 40.Rc5 Be1 41.Rd1 Bb4 42.Rb5  1-0

[Event "17th Pobeskydi Hamont Cup"]
[Site "Frydek Mistek CZE"]
[Date "2006.04.13"]
[Round "1"]
[White "Dambrauskas,V"]
[Black "Bromann,T"]
[Result "1/2-1/2"]
[WhiteElo "2360"]
[BlackElo "2384"]

1.d4 d5 2.c4 Nc6 3.cxd5 Qxd5 4.e3 e5 5.Nc3 Bb4 6.Bd2 Bxc3 7.bxc3 Qd6 8.Bd3 Nge7
9.Ne2 O-O 10.O-O b6 11.Qa4 Bd7 12.Qc2 f5 13.f4 exd4 14.exd4 Rad8 15.Kh1 Be6  1/2-1/2